| 000 | 00366 a2200133 4500 | ||
|---|---|---|---|
| 005 | 20250625102003.0 | ||
| 020 | _a0-07-302382-5 | ||
| 082 | _a808.51 MOR | ||
| 100 | _aMORGAN, M | ||
| 245 | _aPresentantional Speaking: Theory and Practice | ||
| 260 |
_aNew York _bMcGraw-Hill Irwin _c2004. |
||
| 300 |
_av,235p.: ill.; figures,pictures _bIndex _c25cm |
||
| 942 |
_2ddc _cBKS |
||
| 999 |
_c5001 _d5001 |
||